Sports Quiz

Random Sports or Football Quiz

Leicester Tigers XV 2009 Heineken Cup Quiz Stats

 Plays Quiz not verified by Sporcle

Challenge
Share
Tweet
Embed
Score 0/15 Timer 05:00
0 Plays Today
Position % Correct
Full BackGeordan Murphy
92.4%
HookerGeorge Chuter
87.1%
Tighthead PropMartin Castrogiovanni
85.9%
WingAlesana Tuilagi
84.8%
Loosehead PropMarcos Ayerza
79.8%
Number 8Jordan Crane
79.8%
LockTom Croft
71.9%
Inside CentreDan Hipkiss
70.3%
Position % Correct
LockBen Kay
69.2%
WingScott Hamilton
59.7%
Fly HalfSam Vesty
55.9%
Scrum HalfJulien Dupuy
51.3%
Blindside FlankerCraig Newby
51%
Openside FlankerBen Woods
46%
Outside CentreAyoola Erinle
27.4%

You're not logged in!

Compare scores with friends on all Sporcle quizzes.
Join for Free
OR
Log In

You Might Also Like...

Show Comments

Extras

Top Quizzes Today


Score Distribution

Your Account Isn't Verified!

In order to create a playlist on Sporcle, you need to verify the email address you used during registration. Go to your Sporcle Settings to finish the process.

Report this User

Report this user for behavior that violates our Community Guidelines.

Details: